[Event "Bad Homburg"]
[Site "Bad Homburg"]
[Date "1998.07.26"]
[Round "9"]
[White "Jussupow, Artur"]
[Black "Larsen, Bent"]
[Result "1-0"]
[WhiteElo "2630"]
[BlackElo "2515"]
[Annotator "Tisdall,J"]
[PlyCount "111"]
[EventDate "1998.07.17"]
[EventType "tourn"]
[EventRounds "9"]
[EventCountry "GER"]
[EventCategory "13"]
[SourceTitle "CBM 066"]
[Source "ChessBase"]
[SourceDate "1998.09.30"]
[SourceVersion "1"]
[SourceVersionDate "1998.09.30"]
[SourceQuality "1"]

1. d4 Nf6 2. c4 e6 3. Nc3 Bb4 4. e3 O-O 5. Bd3 c5 6. a3 Bxc3+ 7. bxc3 d6 {
As a Nimzowitsch admirer, Larsen remains true to the opening's inventor and
refrains from the more theoretical ...d5, which puts a flavor of Tarrasch into
the position - something which a purist wishes to avoid.} 8. Ne2 Nc6 9. O-O e5
10. d5 Ne7 11. Ng3 (11. Qc2 e4 $1 12. Bxe4 Nxe4 13. Qxe4 Bf5 14. Qf3 (14. Qf4
Bd3 15. Re1 f5 $36) (14. Qh4 Bd3 15. Re1 Ng6 $15) 14... Bd3 $11) 11... Re8 (
11... Ne8 $5 {preparing to use the f-pawn defensively is an interesting idea.}
12. e4 Ng6 13. Be3 Nf6 14. Nf5 Re8 15. g3 Bxf5 16. exf5 Nf8 17. f3 e4 18. fxe4
Nxe4 19. Qg4 Nf6 20. Qf4 N8d7 21. Rae1 Ne5 22. Bc2 Qa5 23. Bd2 Qa6 24. a4 Rf8
25. Re2 Qxc4 26. Qxc4 Nxc4 27. Be1 Rfe8 28. Rxe8+ Rxe8 29. Bf2 Ne3 30. Rc1
Nfxd5 31. Re1 Kf8 32. Bb3 c4 33. Ba2 Nxc3 {0-1 Gebhardt,U-Tawakol,K/Dortmund
1993/TD 93\06 (33)}) 12. Qc2 Kh8 $5 {This seems to waste time, but the idea is
to create the option of allowing the recapture ...gxf6 as a defensive idea.} (
12... b6 $5) 13. f4 exf4 14. exf4 Ng6 15. f5 $1 {White needs to expand the
horizons of the Bc1. The e5 square is less important.} Ne5 16. Bg5 Qc7 (16...
Nxd3 17. Qxd3 h6 18. Bh4 Qe7 19. Qd2 $16) 17. a4 (17. Bxf6 gxf6 18. Rae1 Rg8
19. Qd2 $36 {is primitive, but looks favorable for white to me. White rates
his dark-squared bishop more highly.}) 17... b6 18. Rf4 {Covering the only
weakness, pawn at c4. White's last two moves have removed most of black's
clear ideas at counterplay (by hindering ...b5 and overprotecting c4) and
though black's position has some nice features (the Ne5, the e-line) it is
terribly difficult to find something to do or to improve his position.} Ba6 {
[%csl Rd3,Rd5]} 19. Be2 Ned7 20. Rh4 Re5 21. Bd3 Rae8 22. Qd2 Qb8 {A sign of
black's difficulties. His position seems to have exhausted its potential,
while white can continue to mount pressure on the kingside.} 23. Rf1 Rg8 24.
Rf3 {protects d3 and frees the queen from this task, which is necessary to
prevent the d5-pawn falling tactically.} Rge8 25. Qf4 Re1+ 26. Nf1 Qd8 (26...
Ne5 27. Rfh3 Nxd3 28. Bxf6 $1 $18) 27. Rfh3 Nf8 28. Rg3 {Taking aim at g7, and
introducing the attacking idea Bh6.} N8d7 (28... Qe7 29. Bh6 gxh6 30. Qxh6 Ng6
31. fxg6 fxg6 32. Qxg6 $1 {threatening Qxf6+!} Rf8 33. Rf3 $18) 29. Qf2 (29.
Qxd6 Ne5 30. Qxd8 Rxd8 31. Bxf6 gxf6 32. Rgh3 Kg8 33. Rxh7 Kf8 $132) (29. Rxh7+
$4 Kxh7 30. Rh3+ Kg8 31. Qh4 Kf8) 29... Qe7 $6 (29... Ra1 {to try and develop
counterplay on the first rank was interesting, but creates all sorts of
possibilities for white due to the lessened control of the e-file.} 30. Rxh7+
$5 (30. Rgh3 Nf8 31. Rxh7+ N8xh7 32. Qh4 Kg8 $5 (32... Ree1 33. Bxf6 Qg8 34.
Rg3 $18) (32... Re4 33. Bxe4 (33. Qxe4 $5) 33... Bxc4 34. Bd3 Bxd3 35. Rxd3 $16
) 33. Bxf6 gxf6 34. Qxh7+ Kf8 35. Rh6 Ke7 36. Qg7 Rg8 37. Qxf6+ Ke8 {and
strangely, this has transposed into the other line.}) 30... Kxh7 31. Rh3+ Kg8
32. Qh4 Kf8 33. Qh8+ Ke7 34. Qxg7 (34. Re3+ Ne5 35. Qxg7 Kd7 36. Bxf6 Rg8)
34... Re1 35. Rh6 Rg8 36. Bxf6+ Nxf6 37. Qxf6+ Ke8 38. Qxd8+ Kxd8 39. Rxd6+ Ke7
40. Rc6 $13) (29... Rd1 $5) 30. Rxh7+ $1 Kxh7 31. Rh3+ Kg8 32. Qh4 Kf8 33. Qh8+
Ng8 34. Bxe7+ R8xe7 35. Qh4 {White sensibly falls back and prepares to fend
off any counterplay. Having cashed in his attack, white now faces a
considerably activated enemy force, and it is not terribly clear to me what is
going on here. White has troubles with his king and knight, and the pawn shell
c4/c5/f5 is none too secure either.} Ne5 36. Qf4 Nxd3 (36... Rd1 $5 37. f6 $1
gxf6 (37... Nxf6 38. Rh8+ Ng8 39. Bh7) 38. Rh8 Nxd3 39. Qh6+ (39. Rxg8+ Kxg8
40. Qg4+ Kf8 41. Qxd1 Bxc4 $132) 39... Ke8 40. Rxg8+ Kd7 41. g3 $1 {and the
entry of the queen to f8 should be decisive.}) 37. Rxd3 R7e5 38. Rg3 $6 (38.
Rh3 $5 {looks correct since it combines the ideas of renewing some kind of
pressure against the black king as well as taking up an ideal defensive post
on h4.}) (38. h3 {trying to unpin and use the Nf1.} R1e4 39. Qg5 f6 40. Qg3
Bxc4 41. Re3 Bxd5 42. Rxe4 Bxe4 43. Nd2 $13) 38... Nf6 39. Qh4 Rxf5 $2 {
Once again, leaving the e-file is relatively hazardous.} (39... R5e4 $5 40.
Qh8+ Ke7 41. Qxg7 Bxc4 42. Rf3 Rd1 {would break through to f1.}) 40. Qh8+ Ke7
41. Re3+ {and white regains control.} Rxe3 (41... Re5 {was better.}) 42. Nxe3
Re5 43. Kf2 (43. Qb8 Rxe3 44. Qxa7+ Nd7 45. Qxa6 Rxc3 {gives black better
chances.}) 43... Ne4+ 44. Ke1 Nxc3 45. Qb8 Bxc4 (45... Rxe3+ 46. Kd2 Nxd5 47.
cxd5 (47. Qxa7+ Kf6 48. Qxa6 Rd3+ 49. Ke1 (49. Ke2 Nf4+ 50. Kf2 Rb3) 49... Nc3)
47... Re2+ 48. Kd1 Bc4 49. Qc7+ {should win for white.}) 46. Qxa7+ Kf6 47. Kf2
Rxe3 48. Kxe3 Nxd5+ 49. Kd2 Ke6 50. h4 Bb3 51. Qa8 c4 52. Qe8+ Kf6 53. g4 c3+
54. Kd3 c2 55. Kd2 Nb4 56. Qe4 {Threatening Qxb4 and g5 mate.} 1-0

[Event "RUS-Cup03 Geller Memorial"]
[Site "Moscow"]
[Date "1999.02.08"]
[Round "7"]
[White "Ulko, Jaroslav"]
[Black "Tunik, Gennady"]
[Result "1-0"]
[WhiteElo "2397"]
[BlackElo "2474"]
[Annotator "Tisdall,J"]
[PlyCount "65"]
[EventDate "1999.02.10"]
[EventType "swiss"]
[EventRounds "9"]
[EventCountry "RUS"]
[SourceTitle "CBM 070"]
[Source "ChessBase"]
[SourceDate "1999.06.08"]
[SourceVersion "1"]
[SourceVersionDate "1999.06.08"]
[SourceQuality "1"]

1. d4 Nf6 2. c4 e6 3. Nc3 Bb4 4. e3 O-O 5. a3 Bxc3+ 6. bxc3 c5 7. Bd3 Nc6 8.
Ne2 b6 9. e4 Ne8 10. Be3 {This line differs from the more popular variation
where white castles and immediately pushes his f-pawn in some interesting
details. By delaying f4 white retains options of piece play a bit longer, and
can defend c4 a bit more, requiring that black expend a bit more energy to
create pressure on the queenside.} Ba6 11. Ng3 Na5 12. Qe2 Rc8 (12... cxd4 13.
cxd4 d5 14. cxd5 Bxd3 15. Qxd3 exd5 16. e5 Qd7 17. Bd2 Nc6 18. Rc1 Rc8 19. O-O
f5 20. Rfe1 Nd8 21. Rxc8 Qxc8 22. f4 g6 23. Ne2 Qb7 24. Rb1 Ne6 25. a4 $36 {
0-1 Ulko,J-Brodsky,M/Nizhnij Novgorod 1998/CBM 66 (63)}) 13. Rc1 Qh4 {A
prophylactic measure, preventing the white queen from entering the attack on
the kingside.} 14. O-O Nf6 $6 {After this it becomes more difficult to
pressure white's weaknesses. His queen also becomes misplaced, and white is
allowed to create attacking chances without the position becoming blocked (as
it often does in similar positions where f2-f4 is played very early). The
critical continuation was} (14... Nd6 {when white had to labor hard to justify
his pawn sacrifice;} 15. e5 Ndxc4 16. Ne4 Nxe3 17. fxe3 Bxd3 18. Qxd3 d5 $5 {
with black advantage, 1/2-1/2 Vladimirov,B-Lein,A/Moscow 1955/EXT 99 (31)}) 15.
h3 {[%csl Rf6,Rh4] Now white threatens to repel the Nf6 with e5, followed by
Ne4 threatening Bg5 trapping the black queen.} cxd4 16. cxd4 d6 (16... d5 $2
17. exd5 exd5 (17... Nxc4 18. dxe6 $1 (18. Bxc4 $2 Rxc4 19. Rxc4 exd5 20. Qd2
dxc4 21. Bg5 Ne4 22. Nxe4 Qxe4 23. Re1 $15) 18... Nxe3 19. exf7+ $18) 18. Nf5
$18) 17. e5 dxe5 18. dxe5 Nd7 19. Ne4 {[%csl Rh4][%cal Ge3g5]} h6 20. f4 $36
Nb3 (20... Nb7 $5 {is a more prudent way to control c5 since it also supports
the sensitive hole on d6. Black's position is relatively solid then, though
somewhat passive.}) 21. Rcd1 Nbc5 22. Nd6 Rc7 23. Bb1 Nb7 24. Bf2 $1 {Driving
the black queen to an awkward square - with a Q on e7 black no longer has the
option of capturing on d6 to remove the attacker and weaken the c4-pawn. The
move also gains the e4 square as a launching pad for the white queen.} Qe7 (
24... Qxf4 $4 25. Bxb6) (24... Qd8 25. Qe4 g6 26. Nxf7 Rxf7 27. Qxg6+ Rg7 28.
Qxe6+ Kf8 29. Qxh6 {and black's position is a wreck - the e-pawn will cost him
material if white cannot do better by direct attack.}) 25. f5 $5 {White wishes
to recycle the knight into the attack, and the Rf1 to join in as well - the
result is devastation, but black still has a chance to fight...} exf5 $2 {
But not like this.} ({The only hope was to take a stand in the center with} 
25... f6 $1 26. exf6 (26. fxe6 $6 Nxe5 $13) 26... Nxf6 27. Qxe6+ Qxe6 28. fxe6
Nxd6 29. Rxd6 Bxc4 30. Re1 {and white is better but the game continues.}) (
25... Qg5 26. Rd4 $40) 26. Nxf5 Qxe5 27. Qd3 $18 {[%csl Rh7]} g6 (27... Nf6 28.
Bd4 $18) 28. Nxh6+ Kh7 29. Nxf7 Qf5 30. Qg3 Qxf7 31. Qxc7 Nb8 32. Qe5 (32.
Bxg6+ $5 Kxg6 33. Qg3+ Kh7 34. Bd4) 32... Nc6 33. Qh5+ 1-0

[Event "Biel Credis"]
[Site "Biel"]
[Date "1996.??.??"]
[Round "10"]
[White "Gerber, Richard"]
[Black "Peptan, Corina Isabela"]
[Result "0-1"]
[WhiteElo "2395"]
[BlackElo "2395"]
[Annotator "Tsesarsky,I"]
[PlyCount "42"]
[EventDate "1996.07.22"]
[EventType "tourn"]
[EventRounds "11"]
[EventCountry "SUI"]
[EventCategory "10"]
[SourceTitle "CBM 055"]
[Source "ChessBase"]
[SourceDate "1996.12.01"]
[SourceVersion "1"]
[SourceVersionDate "1996.12.01"]
[SourceQuality "1"]

1. d4 Nf6 2. c4 e6 3. Nc3 Bb4 4. e3 c5 5. Bd3 (5. a3 Bxc3+ 6. bxc3 Nc6 7. Bd3
d6 8. Ne2 $5) 5... O-O 6. a3 Bxc3+ 7. bxc3 Nc6 8. e4 d6 9. Nf3 e5 (9... Nd7 10.
O-O e5 11. d5 Na5 12. Qa4 a6 13. Bg5 f6 14. Be3 Rf7 15. Nd2 Nf8 16. Qc2 b6 17.
a4 Rb7 18. Ra3 Bd7 19. Rfa1 Qe8 20. g3 Rbb8 21. f3 Nb7 22. Qb1 Nd8 23. Qf1 Nf7
24. f4 exf4 25. gxf4 f5 26. Bf2 Nh6 27. Qg2 Ng6 28. Bg3 fxe4 29. Nxe4 Bf5 30.
Re1 Qd7 $15 {1/2-1/2 Balashov,Y-Polugaevsky,L/URS-ch39 Leningrad ;URS-ch 1971 
(54)}) 10. d5 Ne7 11. Nh4 {[/\12.Nh4,13.f4]} (11. g3 $5 {[/\12.Nh4,13.f4]} h6 (
11... Bh3 $6 12. Ng5 {[/\13.f4]}) 12. Nh4 Nh7 (12... Ng6 13. Ng2 $5 {(/\14.0-0,
15.f4->>>)}) 13. Qc2 Bh3 14. f4 $5 exf4 15. e5 f5 $6 (15... Ng6 $5 16. Nxg6
fxg6 17. e6 (17. Bxg6 Ng5 $132 18. e6 $6 fxg3 $5 (18... f3 19. Be3 Bg2 20.
O-O-O $36) 19. hxg3 Nf3+ 20. Ke2 Bg4 $36) 17... Bf5 18. Bxf4 Bxd3 19. Qxd3 g5
20. Be3 $13) 16. e6 g5 17. Nf3 Bg4 (17... Ng6 $2 {Gurevich,M} 18. Ng1 Bg4 19.
h3 Bh5 20. g4 $16) 18. Qg2 $5 {[/\19.gxf4]} fxg3 19. hxg3 Kg7 20. a4 $5 $132 {
1-0 Gurevich,M-Jackelen,T/Bonn GSK4 (04) ;EXT 95 1995 (33)}) (11. Nd2 Ng6 12.
Nf1 Qa5 13. Qc2 Nf4 14. Bxf4 exf4 15. g3 f3 16. Nd2 Bh3 17. Bf1 Bd7 18. Bd3 Bh3
{1/2-1/2 Rechlis,G-Emms,J/Barcelona EU-CUP 1993}) (11. h3 Bd7 (11... Ne8 12.
O-O g6 13. Bh6 Ng7 14. Nd2 Kh8 15. Be3 Qc7 16. f4 exf4 17. Bxf4 f6 18. Qf3 Bd7
19. Qg3 Nh5 20. Bxd6 Nxg3 21. Bxc7 Nxf1 22. Rxf1 b6 23. Bd6 Rf7 24. e5 Nc8 25.
Bc7 Bf5 26. Bxf5 gxf5 27. d6 $16 {1-0 Balashov,Y-Karpman,V/URS-OT56 Uzhgorod ;
TD 88\01 1988 (36)}) 12. a4 Ne8 13. Qc2 Rb8 14. g3 b6 15. Nh4 a6 16. Kf1 g6 17.
Bh6 Ng7 18. Kg2 f5 {1/2-1/2 Ehlvest,J-Ribli,Z/Reggio Emilia8990 (06) ;EXT 89
1989}) 11... h6 (11... Ng6 {Gurevich,M} 12. Nxg6 (12. Nf5 $6 Bxf5 13. exf5 Nh4
14. O-O e4 $15) 12... fxg6 $5 {(/\13...Nh5<=>)}) 12. f3 $6 (12. O-O $5) 12...
Nh5 (12... g5 $5 13. Nf5 Nxf5 14. exf5 Re8 15. Be4 (15. h4 e4 $17) 15... Nh5
16. g4 (16. h4 Ng3) 16... Nf4 17. Bxf4 exf4 18. h4 $13) 13. Ra2 $4 (13. g3 f5
14. exf5 (14. O-O f4 (14... fxe4 $5)) 14... Nxf5 15. Nxf5 Bxf5 $15) 13... Nxd5
$19 14. cxd5 Qxh4+ 15. Rf2 $6 (15. Ke2 f5 16. g3 Qh3 17. Kf2 (17. Qf1 fxe4 18.
Bxe4 Nf6 19. Qxh3 Bxh3 20. Ke3 $17 (20. Be3 Bg2 $19)) 17... Nf6 18. Bf1 Qh5 $19
) 15... Ng3 $1 16. Rg1 Qxh2 17. Kd2 f5 18. exf5 Bxf5 19. Bxf5 Rxf5 20. Kc2 Raf8
21. Re1 Rxf3 0-1

[Event "Moscow Aeroflot op"]
[Site "Moscow"]
[Date "2002.02.10"]
[Round "9"]
[White "Aleksandrov, Aleksej"]
[Black "Izoria, Zviad"]
[Result "1-0"]
[WhiteElo "2645"]
[BlackElo "2547"]
[Annotator "Wells,P"]
[PlyCount "59"]
[EventDate "2002.02.04"]
[EventType "swiss"]
[EventRounds "9"]
[EventCountry "RUS"]
[SourceTitle "CBM 088"]
[Source "ChessBase"]
[SourceDate "2002.03.21"]
[SourceVersion "1"]
[SourceVersionDate "2002.03.21"]
[SourceQuality "1"]

1. d4 Nf6 2. c4 e6 3. Nc3 Bb4 4. e3 O-O 5. Bd3 c5 6. a3 Bxc3+ 7. bxc3 Nc6 8.
Ne2 b6 9. e4 {[%cal Yc1g5] This very aggressive system can also arise from a
direct Saemisch move order ( 4 a3 ), but arguably that allows black a greater
variety of playable alternatives. What is not arguable is that Aleksej
Alexandrov ( who always prefers this move oreder ) is now very much the
leading practitioner, and is continually enriching the theory. The contest
between white's king-side prospects backed up by bishop pair and space and his
really seriously damaged pawn structure makes for fascinating play. Alexandrov
has breathed welcome life into the position at move 12 which had begun to look
somewhat 'solved', and continues to score well here.} Ne8 10. O-O Ba6 {[%csl
Rc4][%cal Ga8c8,Gc6a5,Ga6c4]} 11. f4 {[%cal Yf4f5,Yf5f6,Ge8f6,Yc1g5]} f5 {
It is essential to prevent the intended march of white's f-pawn to f6,
although, as I discussed at length in CBM 75 it can also be stopped at f5
rather an f4. However, while the most famous examples have turned out quite
well for black it seems to be the text which is generally more trusted in
practice.} (11... f6 12. e5 {Extremely aggressive, and complicated. White can
also examine less 'all in' options:} (12. Be3 $5 Nd6 13. dxc5 Nxc4 14. Bxc4
Bxc4 15. Rf2 f5 (15... b5 $5) 16. Ng3 Rf7 (16... fxe4 17. Nxe4 {[%csl Yd6]})
17. cxb6 axb6 18. Qb1 Qf8 19. a4 Ra6 20. exf5 exf5 21. Rb2 $14 {0-1 Remlinger,
L-Larsen,B/Reykjavik 1986/EXT 2000 (42)}) (12. Qa4 $5 Na5 13. dxc5 bxc5 14. Rd1
Qc7 15. f5 e5 16. Ng3 Nd6 17. Be2 Ndxc4 18. Bxc4+ (18. Rxd7 $5 Qc6 (18... Qb6
19. Nh5 $40) 19. Qxc6 Nxc6 20. Bxc4+ $5 (20. Rd5 N6a5 $132) 20... Bxc4 21. Be3
$14) 18... Bxc4 19. Rxd7 Qb6 20. Qd1 Rad8 {1/2-1/2 Balashov,Y-Aseev,K/St
Petersburg 1998/CBM 67 (20)}) 12... Rc8 13. d5 Na5 14. Ng3 Bxc4 15. Bxc4 Nxc4
16. dxe6 dxe6 17. Qb3 Qd5 18. Rd1 Na5 19. Qxd5 exd5 20. e6 (20. Nf5 Nc6) 20...
f5 21. Rxd5 g6 $1 {[%csl Rc1,Rg3] Since I can find no improvement for white
from here in, I suppose he is simply over-extended. His minor pieces are
really pretty miserable} 22. e7 Rf6 23. Rd8 Rfc6 24. Ra2 Kf7 25. Re2 R8c7 26.
Nf1 Nc4 27. Kf2 Rxe7 28. Rxe7+ Kxe7 $17 {0-1 Aleksandrov,A-Supatashvili,K/Open,
Batumi GEO 2001 (84)}) (11... Na5 $5 12. f5 f6 13. Nf4 (13. fxe6 dxe6 14. Nf4
Qd6) 13... exf5 (13... cxd4 $5 14. Qh5 exf5 15. exf5 Nd6 16. Rf3 Qe8 17. Ng6
Bxc4 18. Bf4 Bxd3 19. Rh3 Bxf5 20. Qxh7+ Kf7 21. Rg3 Ne4 22. Ne5+ Ke6 {0-1
Timman,J-Polugaevsky,L/Tilburg 1983/Inf 36/(22)}) 14. exf5 Nd6 (14... cxd4 15.
Be4 Bxc4 16. Bxa8 Qxa8 17. Re1 $14) 15. dxc5 bxc5 16. Rf3 $5 Bxc4 17. Rg3 Rf7
18. Bc2 Qe8 19. h3 Nab7 20. Rb1 Rc8 21. Qg4 Qe1+ 22. Kh2 $44 {[%cal Rb7d6,
Rd6b7,Gf4h5,Gc1h6] White's attack is surprisingly virulent, while black's
knights coordinate rather clumsily.} Qf2 (22... Re8 23. Nh5 Be2 (23... Ree7 24.
Bf4 $18) 24. Nxf6+ Kh8 25. Nxe8 Bxg4 26. Nxd6 $18) 23. Rb2 Re8 $2 (23... Qe1 $5
) 24. Bd3 Qe1 25. Bxc4 Nxc4 26. Nd3 Ne5 27. Nxe5 fxe5 28. Bd2 Qf2 29. Bh6 $1
$18 Qxf5 30. Qxf5 Rxf5 31. Rxb7 Rf7 32. Rxa7 d5 33. Rxg7+ {1-0 Halkias,
S-Khetsuriani,B/Patras 2001/CBM 83 ext (33)}) {White wants to avoid committing
to opening the e-file, but of course this also raises the question of whether
black can take on e4 at some stage.} 12. dxc5 $5 {[%mdl 8] The strategy
involving this exchange followed by trying to force the defence of the c-pawn
with ...d6 has already been played by Alexandrov, but before he tried it in
conjunction with 12 exf5 ( see notes below ). However here the move is a
novelty.} ({I suspect that against the older try} 12. Ng3 g6 13. Be3 {it is
Karpov's recipe which will continue to offer black good prospects of equality
viz:} cxd4 14. cxd4 d5 $1 {A change of strategy - black will no longer have
the c4 pawn to target, but the white squares, especially c4 remain suspect.
Fortunately for white he has the break f4-f5 available. The control of this
white square is crucial to the activity of white's remaining bishop. Without
it white would simply be worse!} 15. cxd5 Bxd3 16. Qxd3 fxe4 17. Qxe4 Qxd5 18.
Qxd5 exd5 {[%csl Gc4,Ye3,Ge4][%cal Yf4f5]} 19. Rac1 $1 (19. f5 Nd6 20. Bh6 Rf7
$15) 19... Rc8 (19... Na5 $5 20. f5 Nd6 $5 (20... Nc4 21. Bg5 Ned6 22. Be7 Rf7
23. Bxd6 Nxd6 24. fxg6 hxg6 25. Rc6 $14 {1-0 Jussupow,A-Cvitan,O/Dresden 1998/
CBM 65 (48)}) 21. fxg6 hxg6 22. Bd2 Nac4 23. Rxf8+ Rxf8 24. Bb4 Rf6 25. Bxd6
Rxd6 26. Ne2 b5 {1/2-1/2 Brumen,D-Palac,M/Pula 2001/CBM 84 ext (36) and it was
white who still had to demonstrate full equality.}) (19... Ne7 $6 20. f5 $5 {
again it is important that the dynamics work for white} Nxf5 21. Nxf5 Rxf5 22.
Rxf5 gxf5 23. Rc6 $44) 20. f5 Nd6 21. fxg6 hxg6 22. h4 Rxf1+ 23. Rxf1 Rf8 24.
Ne2 Nc4 25. Bc1 b5 26. Nf4 Nxd4 27. Re1 $14 {1-0 Aleksandrov,A-Gershon,A/Saint
Vincent 2000/CBM 78/[Wells] (51)}) ({The text rather seems to be an attempt to
refine the strategy which white had already pursued in his game with Balashov
with the difference that he does not commit to opening the e-file immediately.
Balashov's excellent defence obviously sent Alexandrov back to the laboratory!
} 12. exf5 exf5 13. dxc5 bxc5 14. Be3 d6 15. Bf2 {[%cal Yf2h4,Yf1e1,Ye2g3,
Yg3f1,Yf1e3] this neat reorganisation of white's forces is the key to this
positional treatment of a very sharp line.} Qd7 16. Ng3 g6 17. Re1 Nf6 18. Nf1
Rae8 19. Qa4 Ne5 20. Bc2 Qxa4 21. Bxa4 Ned7 22. Ne3 Re6 23. Bb5 Bb7 24. Nd5
Rxe1+ 25. Rxe1 Nxd5 26. Bxd7 Nb6 {1/2-1/2 Aleksandrov,A-Balashov,Y/St
Petersburg 2000/CBM 75 (34) and black's very precise defence has yielded a
fair share of the chances.}) 12... bxc5 (12... fxe4 $5 13. Bxe4 Bxc4 14. Be3
Nf6 {[%csl Gc4,Gd5] does not look ridiculous. Black looks quite good on the
light squares.}) 13. Be3 d6 (13... fxe4 $5 14. Bxe4 Bxc4 15. Bxc5 Rf7 {might
again be worth a look.}) 14. Ng3 g6 15. Re1 Qc7 16. Bf2 Nf6 17. h3 {I like
white's patient build-up here. In comparison with the Balashov game, black
suffers from the fact that the delay to the opening of the e-file
significantly complicates the task of contesting it. White plans first Ra2-e2,
and if at any time black himself cares to take on e4, then his own e6 pawn
comes under the spotlight.} Rfe8 (17... Rae8 $5 {The text, as we shall see,
weakens f5!}) 18. Ra2 Na5 19. Rae2 Qc6 $6 (19... Bxc4 $5 {Looks a more serious
try to me. not so much to win the pawn as to exchange a key attacking piece.}
20. Bxc4 Nxc4 21. Qd3 $5 (21. exf5 exf5 22. Rxe8+ Rxe8 23. Rxe8+ Nxe8 24. Qa4
Qf7 $8 $15) (21. Qb3 d5 22. exd5 exd5 23. Rxe8+ Rxe8 24. Rxe8+ Nxe8 25. Qb5 $13
{doesn't look too dangerous for black.}) 21... Nb6 22. c4 Rad8 23. Qc3 {
offers reasonable compensation, but nothing clear-cut.}) 20. exf5 exf5 21. Bxf5
$1 {[%mdl 512]} gxf5 22. Nxf5 Qd7 (22... Nxc4 $2 23. Bh4 {wins rather easily
by attacking the f6 knight which is suddenly the lynchpin of black's defensive
hopes eg.} (23. Rxe8+ Rxe8 24. Bh4 Bc8 $13) 23... Rxe2 24. Qxe2 (24. Rxe2 $18)
24... Qd7 25. Ne7+ Kg7 26. Bxf6+ Kxf6 27. Qh5 $18) (22... Rxe2 23. Rxe2 (23.
Qxe2 Qd7 $1 {is not so clear.}) 23... Qd7 24. Qd3 $1 {is similar to the game
and much more convincing than either:} (24. g4 $6 Re8 25. Rxe8+ Nxe8 26. Qd5+
Kf8) ({or} 24. Nh6+ Kh8 25. Bh4 Rf8 26. Bxf6+ Rxf6 27. Qe1 Qg7 $1 28. Re8+ Rf8
$13)) 23. Qd3 $1 Kf8 (23... Rxe2 24. Rxe2 Kh8 25. Re7 Bxc4 26. Bh4 $1 Qxe7 $140
27. Nxe7 Bxd3 28. Bxf6#) 24. Re7 Rxe7 25. Rxe7 Bxc4 26. Qg3 Qxe7 27. Nxe7 Kxe7
28. Qg7+ {Typically for Queen v Pieces positions the key is attack and the
exposure of the black king which drastically enhances the queen's relative
strength.} Ke6 29. Bh4 Ne4 30. Qg4+ {A fine attacking display by Alexandrov,
and the unveiling of a new refinement in white's treatment of this line.
However, also some questions remain, and places where black's defence could
surely be improved.} 1-0